Score 0/10 Timer 05:00
0 Plays Today
president country % Correct
Karolos Papouliasgreece
96%
Boris Tadićserbia
92.9%
Georgi Parvanovbulgaria
92.5%
Gjorge Ivanovmacedonia
92%
Bamir Topialbania
91.2%
Danilo Türkslovenia
91.2%
Fatmir Sejdiukosovo
90.7%
Borjana Krištobosnia and herzegovina
89.8%
Ivo Josipović croatia
89.4%
Filip Vujanovicmontenegro
89.4%
Remove Ads.
Support Sporcle.
Get the best of Sporcle when you Go Orange. This ad-free experience offers more features, more stats, and more fun while also helping to support Sporcle. Thank you for becoming a member.

You're not logged in!

Compare scores with friends on all Sporcle quizzes.
OR
Log In

Show Comments

Extras

Created Oct 31, 2010ReportNominate
Tags:Europe Quiz, balkan

Top Quizzes Today


Score Distribution

Your Account Isn't Verified!

In order to create a playlist on Sporcle, you need to verify the email address you used during registration. Go to your Sporcle Settings to finish the process.

Report this User

Report this user for behavior that violates our Community Guidelines.

Details: